Polskie miasta na literę "I" - Statystyki

Ogólne statystyki
  • Ten quiz został rozwiązany 681 razy
  • Średni wynik to 4 z 10
Statystyki odpowiedzi
Hint Odpowiedź % Poprawnych
71 700 Inowrocław
93%
33 100 Iława
83%
4 900 Iłża
39%
8 900 Imielin
39%
1 600 Iwonicz-Zdrój
28%
1 900 Izbica
22%
3 900 Iłowa
21%
2 000 Ińsko
19%
2 600 Izbica Kujawska
14%
1 300 Iwanista
5%
Nie znaleziono quizów pasujących do podanych kryteriów
Rozkład punktacji
Procent ludzi z każdym wynikiem
Percentyl według liczby udzielonych odpowiedzi
Twoja historia wyników
Nie rozwiązałeś tego quizu